| 000 | 00478nam a22001937a 4500 | ||
|---|---|---|---|
| 003 | MPLRDC | ||
| 005 | 20220104160020.0 | ||
| 008 | 210129b ||||| |||| 00| 0 eng d | ||
| 020 | _a957-40-0255-1 | ||
| 082 | _a411.18 KLAT | ||
| 100 | _aRONALD KLATZ著; 孙晓卿译 | ||
| 245 |
_a世纪回春药 _c |
||
| 250 | _a一版一刷 | ||
| 260 |
_a _b正文书局有限公司 _c2000 |
||
| 300 | _b平 | ||
| 490 | _a关怀你我系列 | ||
| 650 | _a | ||
| 942 |
_cBK _o411.18 KLAT |
||
| 999 |
_c54773 _d54763 |
||